Statistics for Countries with the Least Precipitation with Exceptions

Click here to take the quiz!

General Stats

  • This quiz has been taken 47 times
  • The average score is 18 of 21

Answer Stats

PrecipitationCountry% Correct
5.9 cmSaudi Arabia
100%
12.1 cmKuwait
98%
12.5 cmOman
98%
21.6 cmIraq
98%
11.1 cmJordan
95%
8.3 cmBahrain
95%
7.8 cmUnited Arab Emirates
95%
16.1 cmTurkmenistan
95%
16.7 cmYemen
95%
22.8 cmIran
95%
43.5 cmIsrael
93%
25.2 cmSyria
93%
24.1 cmMongolia
93%
7.4 cmQatar
93%
32.7 cmAfghanistan
90%
25.0 cmKazakhstan
88%
20.6 cmUzbekistan
86%
49.4 cmPakistan
81%
44.7 cmAzerbaijan
62%
46.0 cmRussia
50%
45.0 cmMoldova
12%

Score Distribution

Percentile by Number Answered

Percent of People with Each Score

Your Score History

You have not taken this quiz